000 00641nam a2200241Ia 4500
003 OSt
005 20221007105926.0
006 a|||||r|||| 00| 0
007 ta
008 221006b |||||||| |||| 00| 0 eng d
024 _a19,913
037 _cTextual
040 _aLCO
_cLCO
_beng
041 _2eng
_aeng
082 _aZ2,181, L5
100 _aArora R.
_9706970
245 0 _aShareholers and the Indian Companies Act
260 _aCalcutta
_bInternational Law Book Centre India
_c1975
300 _a168
650 _aSHAREHOLDERS
_9706971
942 _hZ2,181, L5
_cTEXL
999 _c1189476
_d1189476